000 00427nam a2200145Ia 4500
008 211109s9999||||xx |||||||||||||| ||und||
082 _a894.81209
_bNAM-A
100 _aNampoothiri, A P P
245 0 _aAshan Nizhalum Velichavum: Critical Essays
260 _bPoorna Publications
_aCalicut
_c1991
300 _a128p
630 _xGENERAL STACK
650 _aMalayalam literature
_vLiterature & rhetoricMalayalam
942 _cBOOK
999 _c44823
_d44823